00469 a2200169 4500003000500000005001700005020001700022040000900039082001200048245005500060300000900115538001100124650003300135942001200168999001900180952010000199Nust20170207164424.0 a09759992-0-6 cNust a621.382 aVoIP Telephony with Asterisk (E BOOK)cPaul Mahler a211p aE Book aVoIP Telephony with Asterisk 2ddccBK c208927d208927 00102ddc40708NFICaMCSbMCSd2016-12-12l0o621.382pMCSEB-1043r2016-12-08w2016-12-12yBK